000 00521nam a2200205 a 4500
001 BRCA_6230
005 20190320205359.0
008 190711s1891----fr-#######---#000-0#fre-#
041 _afre
044 _afr
050 4 _aPQ2036 A1
_b.R67 1891
100 1 _aRousseau, Jean Jacques
_d1712-1778
_915650
245 1 0 _aLes confessions
_cde J. J. Rousseau
260 _aParĂ­s
_bGarnier
_c1891
300 _a583 p.
_bil.
_c19 cm.
500 _aI68
650 1 4 _aLiteratura francesa
_915651
902 _aGFM
942 _2lcc
_cB
999 _c5917
_d5917